Statistics for Pacific Ocean Countries

Click here to take the quiz!

General Stats

  • This quiz has been taken 1,604 times
  • The average score is 36 of 42

Answer Stats

ContinentCountry% Correct
OceaniaAustralia
95%
AsiaJapan
95%
North AmericaUnited States
94%
AsiaChina
93%
North AmericaCanada
92%
South AmericaChile
92%
North AmericaMexico
92%
AsiaIndonesia
91%
OceaniaNew Zealand
91%
South AmericaPeru
90%
AsiaSouth Korea
90%
South AmericaColombia
89%
AsiaNorth Korea
89%
OceaniaFiji
88%
North AmericaPanama
88%
AsiaPhilippines
88%
AsiaVietnam
88%
South AmericaEcuador
87%
AsiaMalaysia
87%
North AmericaCosta Rica
85%
AsiaTaiwan
85%
North AmericaGuatemala
84%
OceaniaPapua New Guinea
84%
OceaniaSolomon Islands
84%
North AmericaEl Salvador
83%
North AmericaHonduras
83%
North AmericaNicaragua
83%
AsiaThailand
83%
OceaniaVanuatu
83%
OceaniaMarshall Islands
82%
OceaniaNauru
82%
AsiaRussia
82%
OceaniaSamoa
82%
OceaniaTonga
82%
OceaniaTuvalu
82%
OceaniaFederated States of Micronesia
81%
OceaniaPalau
81%
AsiaSingapore
81%
AsiaCambodia
80%
AsiaBrunei
79%
OceaniaKiribati
79%
AsiaEast Timor
78%

Score Distribution

Percentile by Number Answered

Percent of People with Each Score

Your Score History

You have not taken this quiz